| 000 | 00453nam a2200157Ia 4500 | ||
|---|---|---|---|
| 999 |
_c30581 _d30581 |
||
| 003 | GCL | ||
| 005 | 20240530102217.0 | ||
| 008 | 140319s9999 xx 000 0 ara d | ||
| 040 |
_aGCL / _cGCL |
||
| 082 | 0 | 4 |
_a270 _bم د |
| 100 | 1 | _aمنير عبدالنور | |
| 245 | 1 | 0 |
_aدراسة فى رسالة افسس / _cمنيس عبدالنور |
| 260 |
_a[S.N] : _bدار الثقافة المسيحية ، _c1985 |
||
| 300 | _a266 ص | ||
| 942 |
_2ddc _cBK |
||